[Event "Recife Arraes Memorial 8th"]
[Site "Recife"]
[Date "2015.05.03"]
[Round "5"]
[White "Gomes, Jose Murilo"]
[Black "Silva, Cristiano Guilherme"]
[Result "1/2-1/2"]
[WhiteElo "1879"]
[BlackElo "2090"]
[PlyCount "57"]
[EventDate "2015.05.01"]
[EventType "swiss"]
[EventRounds "6"]
[EventCountry "BRA"]
[SourceTitle "EXT 2018"]
[Source "ChessBase"]
[SourceDate "2017.10.13"]
[SourceVersion "1"]
[SourceVersionDate "2017.10.13"]
[SourceQuality "1"]

1. e4 e6 2. d4 d5 3. exd5 exd5 4. Nf3 Bd6 5. Bd3 Ne7 6. 0-0 Bf5 7. Bg5 f6 8. Bh4 0-0 9. Re1 Qd7 10. Nc3 c6 11. Bg3 Bxd3 12. Qxd3 Na6 13. Bxd6 Qxd6 14. Re3 Rfe8 15. Rae1 Nc7 16. Nh4 g6 17. g3 Kf7 18. Ng2 Nf5 19. Rxe8 Rxe8 20. Rxe8 Nxe8 21. Nd1 Qe6 22. Nde3 Ned6 23. Nxf5 Qxf5 24. Qxf5 Nxf5 25. c3 Nd6 26. Nf4 Nc4 27. Nd3 Ke7 28. Kf1 b6 29. Ke2 1/2-1/2

[Event "Recife Arraes Memorial 8th"]
[Site "Recife"]
[Date "2015.05.03"]
[Round "6"]
[White "Silva, Cristiano Guilherme"]
[Black "Cilento, Lucas Geraldo"]
[Result "1/2-1/2"]
[WhiteElo "2090"]
[BlackElo "1853"]
[PlyCount "68"]
[EventDate "2015.05.01"]
[EventType "swiss"]
[EventRounds "6"]
[EventCountry "BRA"]
[SourceTitle "EXT 2018"]
[Source "ChessBase"]
[SourceDate "2017.10.13"]
[SourceVersion "1"]
[SourceVersionDate "2017.10.13"]
[SourceQuality "1"]

1. e4 c5 2. d3 Nc6 3. f4 e6 4. Nf3 d5 5. e5 Nge7 6. g3 Nf5 7. Bg2 Be7 8. 0-0 h5 9. c3 Qb6 10. Qe2 c4+ 11. d4 Qa6 12. Be3 b5 13. Bf2 Bd7 14. Nbd2 Qb7 15. a3 a5 16. Rfb1 a4 17. Nf1 Na5 18. Re1 0-0-0 19. Ne3 g6 20. h4 Bc6 21. Ng5 Bxg5 22. fxg5 Nxe3 23. Bxe3 Be8 24. Rf1 Nc6 25. Rf2 Ne7 26. Bh3 Nf5 27. Bf4 Bd7 28. Re1 Rde8 29. Kh2 Qb6 30. Ref1 Qd8 31. Be3 Qc7 32. Qd2 Qc6 33. Bf4 Qb7 34. Bg2 Qc6 1/2-1/2